[Event "IND-ch (Women) 46th"]
[Site "Managiri"]
[Date "2019.07.27"]
[Round "11"]
[White "Kiran, Manisha Mohanty"]
[Black "Singh, Neha"]
[Result "1/2-1/2"]
[WhiteElo "2054"]
[BlackElo "1809"]
[PlyCount "80"]
[EventDate "2019.07.19"]
[EventType "swiss"]
[EventRounds "11"]
[EventCountry "IND"]
[SourceTitle "EXT 2020"]
[Source "ChessBase"]
[SourceDate "2019.10.17"]
[SourceVersion "1"]
[SourceVersionDate "2019.10.17"]
[SourceQuality "1"]

1. e4 e5 2. Nf3 Nc6 3. Bb5 a6 4. Ba4 Nf6 5. 0-0 b5 6. Bb3 Be7 7. Re1 d6 8. a4 Bb7 9. d3 0-0 10. Nbd2 Nd7 11. c3 Nc5 12. Bc2 Bf6 13. a5 g6 14. Nf1 Ne6 15. Bb3 Qd7 16. Bh6 Rfe8 17. Ne3 Bg7 18. Bxg7 Kxg7 19. g3 Ne7 20. Nh4 Ng5 21. Qg4 Qxg4 22. Nxg4 f5 23. exf5 Nxf5 24. Bd1 Nxh4 25. gxh4 Nh3+ 26. Kf1 Rf8 27. Re3 Nf4 28. f3 Rf5 29. c4 bxc4 30. dxc4 Ne6 31. Kg2 Nd4 32. Nf2 Raf8 33. Raa3 Rf4 34. b4 Nf5 35. Rec3 Nxh4+ 36. Kg3 Nf5+ 37. Kg2 Nh4+ 38. Kg3 Nf5+ 39. Kg2 Rd4 40. b5 Rd2 1/2-1/2

[Event "IND-ch Challengers (Women) 43rd"]
[Site "Chennai"]
[Date "2016.06.18"]
[Round "3"]
[White "Singh, Neha"]
[Black "Bommini, Mounika Akshaya"]
[Result "1-0"]
[WhiteElo "1968"]
[BlackElo "1757"]
[PlyCount "69"]
[EventDate "2016.06.17"]
[EventType "swiss"]
[EventRounds "11"]
[EventCountry "IND"]
[SourceTitle "CBM 173 Extra"]
[Source "ChessBase"]
[SourceDate "2016.08.29"]
[SourceVersion "1"]
[SourceVersionDate "2016.08.29"]
[SourceQuality "1"]

1. e4 c5 2. Nf3 d6 3. c3 Nf6 4. Bd3 Nc6 5. h3 g6 6. 0-0 Bg7 7. Bc2 0-0 8. a3 Bd7 9. d4 cxd4 10. cxd4 b5 11. Nc3 b4 12. axb4 Nxb4 13. Bb3 a5 14. Qe2 Qb6 15. Rd1 Bc6 16. d5 Bb7 17. Be3 Qd8 18. Nd4 Nd7 19. Bc4 Qb8 20. Nb3 Qd8 21. Bb5 Nb8 22. Na4 N8a6 23. Bb6 Qb8 24. Nxa5 Nc7 25. Rdc1 Nxb5 26. Qxb5 Na6 27. Qd7 Bc8 28. Qxe7 f5 29. exf5 Bxf5 30. Nc6 Qe8 31. Qxd6 Rf7 32. Re1 Qd7 33. Ne7+ Kh8 34. Qxd7 Bxd7 35. Nc5 1-0

[Event "IND-ch (Women) 42nd"]
[Site "Kolkata"]
[Date "2015.11.23"]
[Round "10"]
[White "Vaishali, Ramesh Babu"]
[Black "Singh, Neha"]
[Result "1-0"]
[WhiteElo "2298"]
[BlackElo "2024"]
[PlyCount "150"]
[EventDate "2015.11.13"]
[EventType "tourn"]
[EventRounds "11"]
[EventCountry "IND"]
[SourceTitle "CBM 169 Extra"]
[Source "ChessBase"]
[SourceDate "2015.12.18"]
[SourceVersion "1"]
[SourceVersionDate "2015.12.18"]
[SourceQuality "1"]

1. Nf3 Nf6 2. g3 g6 3. b3 Bg7 4. Bb2 0-0 5. Bg2 d6 6. d4 c5 7. c4 Nbd7 8. 0-0 Rb8 9. Nc3 a6 10. a4 b6 11. e4 cxd4 12. Nxd4 Bb7 13. Re1 Qc7 14. Nd5 Qd8 15. Rc1 Re8 16. h3 e6 17. Nc3 e5 18. Nc2 Nc5 19. Nb4 Ne6 20. Nbd5 Nd7 21. Ne2 Rc8 22. h4 Nb8 23. Qd2 Nc6 24. Bh3 Rb8 25. Bxe6 fxe6 26. Ne3 Re7 27. Red1 Rd7 28. Qe1 Na5 29. b4 Nb3 30. Nc3 Nxc1 31. Bxc1 Rc8 32. Qe2 b5 33. axb5 axb5 34. Qg4 bxc4 35. Qxe6+ Kf8 36. b5 Qe8 37. Qg4 Qf7 38. Ba3 Rcd8 39. Qe2 Kg8 40. Nxc4 Bf8 41. Nd5 Qe6 42. Kg2 Rf7 43. Bc1 Bc8 44. Rh1 Bb7 45. Rd1 Bc8 46. Rh1 Bb7 47. Ncb6 Bg7 48. h5 gxh5 49. Qxh5 Qg6 50. Qxg6 hxg6 51. Be3 Rb8 52. Rb1 Kf8 53. Nc4 Rd7 54. Na5 Kf7 55. Nxb7 Rdxb7 56. b6 Bf6 57. Kf3 Rd8 58. Kg4 Ke6 59. Rb2 Rc8 60. Ra2 Rcb8 61. Rb2 Ra8 62. Rc2 Rab8 63. Ra2 Rc8 64. f3 Rcb8 65. Ra6 Rc8 66. f4 exf4 67. gxf4 Rc4 68. Kf3 Rc8 69. Ra1 Rh7 70. Rg1 Rh3+ 71. Ke2 Kf7 72. Ra1 Rh2+ 73. Kd3 Rb2 74. Ra7+ Kf8 75. Rd7 Rb3+ 1-0

[Event "IND-ch (Women) 42nd"]
[Site "Kolkata"]
[Date "2015.11.17"]
[Round "5"]
[White "Singh, Neha"]
[Black "Varshini, Veileven"]
[Result "1-0"]
[WhiteElo "2024"]
[BlackElo "2163"]
[PlyCount "75"]
[EventDate "2015.11.13"]
[EventType "tourn"]
[EventRounds "11"]
[EventCountry "IND"]
[SourceTitle "CBM 169 Extra"]
[Source "ChessBase"]
[SourceDate "2015.12.18"]
[SourceVersion "1"]
[SourceVersionDate "2015.12.18"]
[SourceQuality "1"]

1. e4 c5 2. Nf3 d6 3. d4 cxd4 4. Nxd4 Nf6 5. Bd3 e6 6. 0-0 Be7 7. c4 0-0 8. Nc3 a6 9. Qe2 Nc6 10. Nxc6 bxc6 11. f4 e5 12. f5 a5 13. b3 d5 14. cxd5 cxd5 15. Bb2 dxe4 16. Nxe4 Nxe4 17. Qxe4 Qb6+ 18. Kh1 Bf6 19. Bxe5 Bb7 20. Qf4 Rad8 21. Rfd1 Qc6 22. Bf1 Bxe5 23. Qxe5 Qc2 24. Rxd8 Rxd8 25. Qe7 Rb8 26. Qe5 Rd8 27. Re1 h6 28. f6 Bc6 29. Qg3 g5 30. h4 Qg6 31. Qc3 Qh5 32. Re3 Rd1 33. Kg1 Qxh4 34. Qxc6 Rxf1+ 35. Kxf1 Qf4+ 36. Qf3 Qd4 37. Re8+ Kh7 38. Qf5# 1-0

[Event "IND-chB (Women) 42nd"]
[Site "Bhayandar"]
[Date "2015.07.11"]
[Round "11"]
[White "Singh, Neha"]
[Black "Srija, Seshadri"]
[Result "1-0"]
[WhiteElo "2020"]
[BlackElo "2145"]
[PlyCount "59"]
[EventDate "2015.07.02"]
[EventType "swiss"]
[EventRounds "11"]
[EventCountry "IND"]
[SourceTitle "CBM 167 Extra"]
[Source "ChessBase"]
[SourceDate "2015.09.14"]
[SourceVersion "1"]
[SourceVersionDate "2015.09.14"]
[SourceQuality "1"]

1. e4 e5 2. Nf3 Nc6 3. Bb5 a6 4. Ba4 Nge7 5. 0-0 g6 6. c3 Bg7 7. d4 exd4 8. cxd4 b5 9. Bc2 d6 10. h3 0-0 11. Nc3 h6 12. d5 Na5 13. Rb1 f5 14. Nd4 f4 15. Kh2 g5 16. Nce2 Nc4 17. h4 Ng6 18. hxg5 hxg5 19. Rh1 Nce5 20. Nf5 Bxf5 21. exf5 Nh4 22. Nd4 Qf6 23. Kg1 Rf7 24. g3 fxg3 25. fxg3 Nc4 26. Ne6 Nxf5 27. Bxg5 Qe5 28. Bf4 Qf6 29. Qh5 Bh8 30. Bxf5 1-0

[Event "IND-chB (Women) 42nd"]
[Site "Bhayandar"]
[Date "2015.07.06"]
[Round "6"]
[White "Priyamvada, Karamcheti"]
[Black "Singh, Neha"]
[Result "1/2-1/2"]
[WhiteElo "1741"]
[BlackElo "2020"]
[PlyCount "61"]
[EventDate "2015.07.02"]
[EventType "swiss"]
[EventRounds "11"]
[EventCountry "IND"]
[SourceTitle "CBM 167 Extra"]
[Source "ChessBase"]
[SourceDate "2015.09.14"]
[SourceVersion "1"]
[SourceVersionDate "2015.09.14"]
[SourceQuality "1"]

1. d4 Nf6 2. c4 c5 3. d5 e6 4. Nc3 exd5 5. cxd5 d6 6. Nf3 g6 7. Bf4 a6 8. a4 Bg7 9. e3 0-0 10. h3 Qa5 11. Nd2 Ne8 12. Be2 Nd7 13. 0-0 Rb8 14. Nc4 Qc7 15. Ne4 Ne5 16. Nexd6 Nxd6 17. Nxe5 b5 18. axb5 axb5 19. Qc1 c4 20. Nc6 Rb7 21. Ra8 Qd7 22. Rd1 f5 23. Qc2 Bf6 24. Nd4 Rb6 25. Ne6 Re8 26. Nd4 Bb7 27. Rxe8+ Qxe8 28. Nc6 Qd7 29. b3 Ba6 30. Qa2 cxb3 31. Qxb3 1/2-1/2

[Event "IND-chT (Women) 13th"]
[Site "Goa"]
[Date "2015.02.23"]
[Round "4"]
[White "Singh, Neha"]
[Black "Sachdev, Tania"]
[Result "0-1"]
[WhiteElo "2037"]
[BlackElo "2404"]
[PlyCount "27"]
[EventDate "2015.02.20"]
[EventType "team-tourn"]
[EventRounds "7"]
[EventCountry "IND"]
[SourceTitle "CBM 165 Extra"]
[Source "ChessBase"]
[SourceDate "2015.04.21"]
[SourceVersion "1"]
[SourceVersionDate "2015.04.21"]
[SourceQuality "1"]
[WhiteTeam "Bihar (W)"]
[BlackTeam "Air India (W)"]
[WhiteTeamCountry "IND"]
[BlackTeamCountry "IND"]

1. e4 e5 2. Nf3 Nc6 3. Bb5 Nge7 4. 0-0 g6 5. c3 Bg7 6. d4 exd4 7. cxd4 a6 8. Be2 d6 9. Nc3 0-0 10. Bg5 h6 11. Bh4 g5 12. Bg3 f5 13. Bc4+ Kh8 14. d5 0-1

[Event "IND-chT (Women) 13th"]
[Site "Goa"]
[Date "2015.02.22"]
[Round "3"]
[White "Singh, Neha"]
[Black "Mohota, Nisha"]
[Result "0-1"]
[WhiteElo "2037"]
[BlackElo "2278"]
[PlyCount "58"]
[EventDate "2015.02.20"]
[EventType "team-tourn"]
[EventRounds "7"]
[EventCountry "IND"]
[SourceTitle "CBM 165 Extra"]
[Source "ChessBase"]
[SourceDate "2015.04.21"]
[SourceVersion "1"]
[SourceVersionDate "2015.04.21"]
[SourceQuality "1"]
[WhiteTeam "Bihar (W)"]
[BlackTeam "Petroleum Sports (W)"]
[WhiteTeamCountry "IND"]
[BlackTeamCountry "IND"]

1. e4 e5 2. Nf3 Nc6 3. Bb5 a6 4. Ba4 Nf6 5. 0-0 Be7 6. Re1 b5 7. Bb3 d6 8. c3 0-0 9. h3 Nb8 10. d4 Nbd7 11. Nbd2 Bb7 12. Bc2 Re8 13. Nf1 Bf8 14. Bg5 h6 15. Bc1 exd4 16. Nxd4 Nxe4 17. Nf5 Ndf6 18. a4 Qd7 19. N1e3 g6 20. Nh4 Ng5 21. Kh2 d5 22. Nf1 Bd6+ 23. Ng3 Rxe1 24. Qxe1 d4 25. cxd4 Bxg2 26. Bf5 gxf5 27. Kxg2 Bxg3 28. fxg3 Qxd4 29. Qf2 Qd5+ 0-1

[Event "IND-chB (Women) 41st"]
[Site "Mapusa"]
[Date "2014.09.14"]
[Round "10"]
[White "Singh, Neha"]
[Black "Bala, Kannamma P"]
[Result "1-0"]
[WhiteElo "2048"]
[BlackElo "1984"]
[PlyCount "96"]
[EventDate "2014.09.07"]
[EventType "swiss"]
[EventRounds "11"]
[EventCountry "IND"]
[SourceTitle "CBM 162 Extra"]
[Source "ChessBase"]
[SourceDate "2014.10.17"]
[SourceVersion "1"]
[SourceVersionDate "2014.10.17"]
[SourceQuality "1"]

1. e4 c5 2. Nf3 e6 3. d4 cxd4 4. Nxd4 a6 5. Nc3 Qc7 6. Bd3 b5 7. a3 Bb7 8. Be3 Nf6 9. 0-0 Be7 10. f4 d6 11. Qe2 Nbd7 12. Rae1 Nc5 13. Qf3 0-0 14. Kh1 Rfe8 15. Bg1 Bf8 16. Qh3 d5 17. e5 Nfe4 18. Nd1 Rac8 19. Ne3 Kh8 20. Nf3 f5 21. exf6 gxf6 22. b4 Nd7 23. Ng4 Bg7 24. Bd4 Qd8 25. Re3 Qe7 26. Nh4 Qf7 27. Bxe4 dxe4 28. Rg3 Rxc2 29. f5 Qh5 30. fxe6 Rxe6 31. Ne3 Rcc6 32. Nef5 Bf8 33. Rg4 Ne5 34. Ng6+ hxg6 35. Rh4 Qxh4 36. Nxh4 Kg7 37. Qg3 g5 38. Nf5+ Kg6 39. Qh3 Nf7 40. Bb2 Bc8 41. g4 Nh6 42. Nd4 e3 43. Kg1 Rc4 44. Qf3 e2 45. Re1 Rd6 46. Qe4+ f5 47. Qe8+ Nf7 48. Qxf8 fxg4 1-0

[Event "IND-chB (Women) 41st"]
[Site "Mapusa"]
[Date "2014.09.11"]
[Round "7"]
[White "Meghna, CH."]
[Black "Singh, Neha"]
[Result "1/2-1/2"]
[WhiteElo "1730"]
[BlackElo "2048"]
[PlyCount "107"]
[EventDate "2014.09.07"]
[EventType "swiss"]
[EventRounds "11"]
[EventCountry "IND"]
[SourceTitle "CBM 162 Extra"]
[Source "ChessBase"]
[SourceDate "2014.10.17"]
[SourceVersion "1"]
[SourceVersionDate "2014.10.17"]
[SourceQuality "1"]

1. e4 e5 2. Nf3 Nc6 3. Bb5 a6 4. Ba4 Nf6 5. Qe2 d6 6. c3 Bd7 7. 0-0 Be7 8. d4 b5 9. Bc2 0-0 10. Rd1 Qc8 11. Nbd2 Re8 12. Nf1 Bf8 13. d5 Na5 14. Ng3 g6 15. h3 Nc4 16. a4 Na5 17. b4 Nb7 18. Bg5 Bg7 19. Ra3 c6 20. dxc6 Qxc6 21. Rda1 Rac8 22. axb5 axb5 23. Bd3 Nd8 24. Ra6 Qxc3 25. Bd2 Qc7 26. Bxb5 Ne6 27. Bd3 d5 28. Ra7 Qd8 29. exd5 Nxd5 30. Be4 Ndc7 31. Bb7 Rb8 32. R1a5 e4 33. Ne5 Bxe5 34. Rxe5 Nb5 35. Rxb5 Bxb5 36. Qe3 f5 37. Qc3 Qd4 38. Qxd4 Nxd4 39. Bd5+ Ne6 40. Bc3 Rbd8 41. Ba2 Rd7 42. Ra5 Rb7 43. Bd5 Rc7 44. Be5 Rc1+ 45. Kh2 Bc6 46. Ne2 Bxd5 47. Nxc1 Bc4 48. Ra7 f4 49. Ra3 Rd8 50. Rc3 Bb5 51. Nb3 Rd5 52. Bb8 g5 53. Nc5 Kf7 54. Nxe4 1/2-1/2